• 首页
  • 本馆介绍
  • 公告通知
  • 最新文献
  • 馆藏检索
  • 电子资源
  • 读者导购
  • 参考咨询
  • 我的图书馆
  • 登录
  • 详细信息显示
  • 放入我的书架
  • 预约/预借图书
  • 作者相关作品
  • 分类相关作品
  • 丛书相关作品
  • 出版社相关作品

书目信息

  • 表格格式
  • 工作单格式
  • 卡片格式
题名:
计算机化图书馆系统引论
    
 
作者: Tedd , 特德 著 ;史鉴 译
分册:  
出版信息: 北京   书目文献出版社  1981
页数: 329页
开本: 19cm
丛书名:
单 册:
中图分类: G258.94
科图分类:
主题词: 图书馆自动化-系统理论 , 系统理论-图书馆自动化
电子资源:
ISBN:
000 00927nam0 2200289 45
001 0181007662
005 20070719191400.71
010    @dCNY1.10
091    @a15201.3
100    @a19950516d1981 em y0chiy0121 ea
101 1  @achi@ceng
102    @aCN@b110000
105    @ay z 000yy
200 10 @a计算机化图书馆系统引论@Aji suan ji hua tu shu guan xi tong yin lun@f()特德(L.A.Tedd)著@g史鉴等译
210    @a北京@c书目文献出版社@d1981
215    @a329页@d19cm
300    @a书名原文:An Introduction to Computer-Based Library Systems(1977)
510 1  @aAn Introduction to Computer-Based Library Systems(1977)@zeng
606    @a图书馆自动化-系统理论
606    @a系统理论-图书馆自动化
690    @aG258.94@v3
701 A1 @aTedd@bL.A.@4著
701  1 @a特德@Ate de@bL.A.@4著
702  0 @a史鉴@Ashi jian@4译
801  2 @aCN@bNLC@c20070719
801  0 @aCN@b上海图书馆@c20040424
905    @f2@b92356-357@dG258.94@e1
    
    计算机化图书馆系统引论/()特德(L.A.Tedd)著/史鉴等译.-北京:书目文献出版社,1981
    329页;19cm
    书名原文:An Introduction to Computer-Based Library Systems(1977)
    
    ISBN :CNY1.10
    
●
相关链接 在E读中查询图书 在五车中查询图书 在当当中查询图书 在豆瓣中查询图书


正题名:计算机化图书馆系统引论     索取号:G258.94/1         预约/预借

序号 登录号 条形码 馆藏地/架位号 状态 备注
1 0092356   000215458   密集书库/ [索取号:G258.94/1] 在馆    
2 0092357   000215494   密集书库/ [索取号:G258.94/1] 在馆    
3 0092358   000215412   第一样本阅览室/ [索取号:G258.94/1] 在馆    
4 0766226   207662260   密集书库/ [索取号:G258.94/1] 在馆    
欢迎您!
大连网信软件有限公司© 版权所有